Largest Great Lakes Metros Quiz Stats

 Plays Quiz Updated Jul 30, 2018

Challenge
Share
Tweet
Embed
Score 0/20 Timer 04:00
0 Plays Today
Rank City % Correct
1Chicago-Naperville-Elgin, IL-IN-WI
96.8%
3Detroit-Warren-Dearborn, MI
93.9%
4Cleveland-Elyria, OH
83.1%
6Buffalo-Cheektowaga-Niagara Falls, NY
81.6%
2Toronto, ON
79.5%
5Milwaukee-Waukesha-West Allis, WI
76.5%
19Erie, PA
61.5%
17Green Bay, WI
57.4%
11Toledo, OH
51.9%
8Grand Rapids-Wyoming-Holland, MI
47.1%
Rank City % Correct
7Rochester, NY
42.6%
18Duluth, MN
37.6%
15Windsor, ON
33.5%
9Hamilton, ON
31.3%
13St. Catharines-Niagara, ON
27.3%
10Syracuse-Oswego, NY
26.2%
12London, ON
19.1%
20Racine, WI
11.5%
16Kalamazoo-Portage-South Haven, MI
10.3%
14Oshawa, ON
8.2%

You're not logged in!

Compare scores with friends on all Sporcle quizzes.
Join for Free
OR
Log In

You Might Also Like...

Show Comments

Extras

Top Quizzes Today


Score Distribution

Your Account Isn't Verified!

In order to create a playlist on Sporcle, you need to verify the email address you used during registration. Go to your Sporcle Settings to finish the process.

Report this User

Report this user for behavior that violates our Community Guidelines.

Details: